| 000 | 00361 a2200157 4500 | ||
|---|---|---|---|
| 001 | 72113 | ||
| 020 | _a8520908071 | ||
| 040 | _cAnchieta - Colégio São Paulo | ||
| 100 | _aMachado, Ana Maria | ||
| 240 | 1 | 0 |
_aHoje tem espetáculo _lpor |
| 245 | 1 | 0 | _aHoje tem espetáculo |
| 300 | _a131[1p.] | ||
| 362 | 0 | _a2005 | |
| 650 | 4 | _aLiteratura juvenil | |
| 942 | _cBK | ||
| 999 |
_c72113 _d72113 |
||